L'Antelami a Parma
Đã lưu trong:
| Tác giả chính: | |
|---|---|
| Định dạng: | Sách |
| Ngôn ngữ: | Tiếng Italy |
| Được phát hành: |
Florencia
Sadea
1965
|
| Loạt: | Forma e Colore. I Grandi Cicli dell'Arte
|
| Những chủ đề: | |
| Các nhãn: |
Thêm thẻ
Không có thẻ, Là người đầu tiên thẻ bản ghi này!
|
MARC
| LEADER | 00000nam a2200000 a 4500 | ||
|---|---|---|---|
| 001 | UCK4578 | ||
| 003 | CL-VaPUC | ||
| 008 | 050610e19650000IT |||||||||||||||||ita|d | ||
| 082 | 0 | 4 | |a 730.92 |b MAS |2 21 |
| 100 | |a Masini, Lara Vinca |e autora |9 493132 | ||
| 245 | 1 | 2 | |a L'Antelami a Parma |
| 300 | |a Pág. Irreg | ||
| 942 | |c BK | ||
| 945 | |d 20050610 00:00:00 |a jcarroza | ||
| 260 | |a Florencia |b Sadea |c 1965 | ||
| 600 | 0 | 7 | |a ANTELAMI, BENEDETTO |2 CL-VaPUC |9 329273 |
| 650 | 7 | |a ESCULTURA ITALIANA |2 CL-VaPUC |9 329274 | |
| 650 | 7 | |a ESCULTORES ITALIANOS |2 CL-VaPUC |9 268616 | |
| 650 | 7 | |a ESCULTURA MEDIEVAL |2 CL-VaPUC |9 269203 | |
| 651 | 7 | |a PARMA |2 CL-VaPUC |9 329275 | |
| 651 | 0 | |a Italia |9 254949 | |
| 583 | |a last modification |c 20050610 00:00:00 |k Rodrigo Vera | ||
| 490 | 0 | |a Forma e Colore. I Grandi Cicli dell'Arte | |
| 999 | |c 313405 |d 313403 | ||
| 952 | |0 0 |1 0 |4 0 |6 730_920000000000000_MAS_1965 |7 0 |8 A |9 384734 |a BIBARQ |b BIBARQ |d 2019-11-22 |i 4127064 |o 730.92 MAS 1965 |p 4127064 |r 2025-01-20 |w 2019-11-22 |y BK |k ARQ | ||